Statistics for Billie Eilish - My Future Lyrics

Click here to take the quiz!

General Stats

  • This quiz has been taken 117 times
  • The average score is 151 of 173

Answer Stats

Lyric% Correct
i
100%
a
98%
can't
98%
to
98%
with
96%
you
96%
in
96%
my
96%
i'm
96%
me
96%
love
95%
future
95%
and
95%
hear
94%
not
94%
just
93%
her
93%
see
91%
your
90%
wait
90%
do
90%
don't
90%
meet
89%
anybody
89%
get
88%
but
88%
seem
88%
focus
88%
mirror
88%
know
86%
here
86%
'cause
86%
else
86%
so
85%
home
85%
be
85%
notice
84%
myself
84%
coming
84%
wanna
84%
someone
84%
supposed
81%
understand
81%
unhappy
79%
without
79%
lonely
78%
go
78%
i've
78%
changed
78%
now
77%
plans
77%
alone
77%
all
75%
had
74%
find
74%
you're
73%
check
73%
i'll
73%
couple
72%
better
72%
handsome
70%
supposedly
70%
answer
70%
aren't
70%
years
70%
complexion
69%
like
69%
drive
69%
than
68%
i'd
64%
invite
64%
reflection's
62%
yours
60%
you'd
59%
again
59%
yeah
40%

Score Distribution

Percentile by Number Answered

Percent of People with Each Score

Your Score History

You have not taken this quiz